[Event "DEM U18w 2025"]
[Site "Willingen GER"]
[Date "2025.06.11"]
[Round "6"]
[White "Jacobasch, Ronja"]
[Black "Ulrich, Helena Irene"]
[Result "1-0"]
[Termination "normal"]
[Board "6"]
[WhiteElo "1861"]
[BlackElo "1841"]
[WhiteClock "00:03:16"]
[BlackClock "00:05:44"]
[PlyCount "105"]
[WhiteFideId "34604340"]
[BlackFideId "16256000"]
[EventCountry "GER"]
[EventRounds "9"]
[EventType "swiss"]
[EventDate "2025.06.07"]

1. d4 {[%clk 01:30:55]} {[%emt 00:00:04]} Nf6 {[%clk 01:30:56]} {[%emt
00:00:05]} 2. c4 {[%clk 01:31:15]} {[%emt 00:00:10]} g6 {[%clk 01:31:21]}
{[%emt 00:00:05]} 3. Nf3 {[%clk 01:31:36]} {[%emt 00:00:10]} Bg7 {[%clk
01:31:47]} {[%emt 00:00:04]} 4. g3 {[%clk 01:31:53]} {[%emt 00:00:13]} d6
{[%clk 01:32:00]} {[%emt 00:00:17]} 5. Bg2 {[%clk 01:32:08]} {[%emt 00:00:15]}
O-O {[%clk 01:32:13]} {[%emt 00:00:17]} 6. O-O {[%clk 01:31:50]} {[%emt
00:00:47]} c6 {[%clk 01:32:20]} {[%emt 00:00:24]} 7. Nc3 {[%clk 01:31:34]}
{[%emt 00:00:46]} Bf5 {[%clk 01:32:31]} {[%emt 00:00:18]} 8. Re1 {[%clk
01:24:44]} {[%emt 00:07:21]} Ne4 {[%clk 01:32:20]} {[%emt 00:00:40]} 9. Nh4
{[%clk 01:12:44]} {[%emt 00:12:30]} Nxc3 {[%clk 01:32:08]} {[%emt 00:00:42]}
10. bxc3 {[%clk 01:13:06]} {[%emt 00:00:09]} Bc8 {[%clk 01:20:51]} {[%emt
00:11:47]} 11. e4 {[%clk 01:08:27]} {[%emt 00:05:08]} Nd7 {[%clk 01:16:28]}
{[%emt 00:04:53]} 12. Nf3 {[%clk 01:04:08]} {[%emt 00:04:50]} c5 {[%clk
01:08:43]} {[%emt 00:08:14]} 13. Qc2 {[%clk 00:59:59]} {[%emt 00:04:39]} Nb6
{[%clk 01:03:36]} {[%emt 00:05:38]} 14. Qd3 {[%clk 00:55:37]} {[%emt 00:04:51]}
Qc7 {[%clk 01:00:54]} {[%emt 00:03:12]} 15. d5 {[%clk 00:50:09]} {[%emt
00:05:59]} Na4 {[%clk 00:48:21]} {[%emt 00:13:03]} 16. Bd2 {[%clk 00:48:26]}
{[%emt 00:02:13]} Qa5 {[%clk 00:46:29]} {[%emt 00:02:22]} 17. Rec1 {[%clk
00:40:58]} {[%emt 00:07:58]} Nb2 {[%clk 00:42:43]} {[%emt 00:04:16]} 18. Qe2
{[%clk 00:39:31]} {[%emt 00:01:57]} Qa6 {[%clk 00:35:31]} {[%emt 00:07:42]} 19.
Bf1 {[%clk 00:33:42]} {[%emt 00:06:18]} Bg4 {[%clk 00:35:05]} {[%emt 00:00:56]}
20. h3 {[%clk 00:31:01]} {[%emt 00:03:11]} Bxf3 {[%clk 00:31:10]} {[%emt
00:04:24]} 21. Qxf3 {[%clk 00:31:16]} {[%emt 00:00:16]} Nxc4 {[%clk 00:30:32]}
{[%emt 00:01:09]} 22. Qd1 {[%clk 00:20:10]} {[%emt 00:11:35]} b5 {[%clk
00:28:22]} {[%emt 00:02:40]} 23. a4 {[%clk 00:18:36]} {[%emt 00:02:04]} Nxd2
{[%clk 00:24:34]} {[%emt 00:04:19]} 24. axb5 {[%clk 00:16:21]} {[%emt
00:02:45]} Qb7 {[%clk 00:23:37]} {[%emt 00:01:26]} 25. Qxd2 {[%clk 00:16:45]}
{[%emt 00:00:07]} Rfc8 {[%clk 00:22:20]} {[%emt 00:01:47]} 26. Ra4 {[%clk
00:15:29]} {[%emt 00:01:45]} Qd7 {[%clk 00:19:45]} {[%emt 00:03:05]} 27. Qa2
{[%clk 00:13:20]} {[%emt 00:02:39]} Rcb8 {[%clk 00:16:35]} {[%emt 00:03:40]}
28. Kg2 {[%clk 00:11:07]} {[%emt 00:02:43]} Rb6 {[%clk 00:06:49]} {[%emt
00:10:16]} 29. Qa3 {[%clk 00:09:10]} {[%emt 00:02:27]} h5 {[%clk 00:05:17]}
{[%emt 00:02:02]} 30. Ra1 {[%clk 00:08:50]} {[%emt 00:00:50]} Rb7 {[%clk
00:05:27]} {[%emt 00:00:20]} 31. Ra6 {[%clk 00:08:25]} {[%emt 00:00:55]} Qc7
{[%clk 00:04:39]} {[%emt 00:01:18]} 32. Rb1 {[%clk 00:07:27]} {[%emt 00:01:28]}
Rab8 {[%clk 00:04:22]} {[%emt 00:00:48]} 33. Rc6 {[%clk 00:04:27]} {[%emt
00:03:29]} Qd7 {[%clk 00:03:11]} {[%emt 00:01:41]} 34. Ra1 {[%clk 00:03:20]}
{[%emt 00:01:37]} Bf6 {[%clk 00:01:51]} {[%emt 00:01:50]} 35. Ra6 {[%clk
00:03:12]} {[%emt 00:00:39]} e6 {[%clk 00:00:44]} {[%emt 00:01:36]} 36. Ra2
{[%clk 00:01:08]} {[%emt 00:02:35]} Qe7 {[%clk 00:00:43]} {[%emt 00:00:31]} 37.
c4 {[%clk 00:01:02]} {[%emt 00:00:36]} exd5 {[%clk 00:00:42]} {[%emt 00:00:30]}
38. exd5 {[%clk 00:01:18]} {[%emt 00:00:15]} Qe4+ {[%clk 00:00:39]} {[%emt
00:00:33]} 39. f3 {[%clk 00:01:14]} {[%emt 00:00:34]} Qe7 {[%clk 00:00:33]}
{[%emt 00:00:35]} 40. Rxa7 {[%clk 00:01:16]} {[%emt 00:00:27]} Rxa7 {[%clk
00:00:46]} {[%emt 00:00:18]} 41. Qxa7 {[%clk 00:01:35]} {[%emt 00:00:12]} Qxa7
{[%clk 00:01:10]} {[%emt 00:00:05]} 42. Rxa7 {[%clk 00:02:00]} {[%emt
00:00:05]} Kf8 {[%clk 00:26:11]} {[%emt 00:05:28]} 43. f4 {[%clk 00:23:14]}
{[%emt 00:09:17]} Ke8 {[%clk 00:18:47]} {[%emt 00:07:53]} 44. Be2 {[%clk
00:21:40]} {[%emt 00:02:04]} Bd8 {[%clk 00:15:48]} {[%emt 00:03:29]} 45. f5
{[%clk 00:17:11]} {[%emt 00:05:00]} Bb6 {[%clk 00:15:19]} {[%emt 00:00:58]} 46.
Ra3 {[%clk 00:16:44]} {[%emt 00:00:58]} Kf8 {[%clk 00:13:25]} {[%emt 00:02:24]}
47. h4 {[%clk 00:14:01]} {[%emt 00:03:12]} Re8 {[%clk 00:08:54]} {[%emt
00:05:01]} 48. Kf2 {[%clk 00:09:49]} {[%emt 00:04:43]} Kg7 {[%clk 00:04:28]}
{[%emt 00:17:05]} 49. Ra6 {[%clk 00:04:20]} Rb8 {[%clk 00:04:28]} {[%emt
00:00:21]} 50. Bd3 {[%clk 00:04:01]} Kf6 {[%clk 00:04:28]} 51. Ra2 {[%clk
00:04:01]} Re8 {[%clk 00:04:28]} 52. Kf3 {[%clk 00:04:01]} Kg7 {[%clk
00:04:28]} 53. Kf4 {[%clk 00:04:01]} Kf6 {[%clk 00:04:28]} 54. Ra1 {[%clk
00:04:01]} Kg7 {[%clk 00:04:28]} 55. Ra6 Rb8 {[%emt 00:00:48]} 56. fxg6 {[%clk
00:04:01]} fxg6 {[%clk 00:05:44]} {[%emt 00:01:33]} 57. Kg5 {[%clk 00:03:16]}
{[%emt 00:00:58]} Bd8+ {[%clk 00:05:31]} {[%emt 00:00:41]} 58. Kf4 {[%clk
00:03:31]} {[%emt 00:00:15]} Bb4 {[%clk 00:04:59]} {[%emt 00:01:02]} 59. g4
{[%clk 00:03:11]} {[%emt 00:00:50]} hxg4 {[%clk 00:04:48]} {[%emt 00:00:42]}
60. Kxg4 {[%clk 00:02:49]} {[%emt 00:00:52]} Kf6 {[%clk 00:03:01]} {[%emt
00:02:17]} 61. Ra2 {[%clk 00:02:00]} {[%emt 00:01:20]} Re8 {[%clk 00:03:17]}
{[%emt 00:00:14]} 62. Kf4 {[%clk 00:01:43]} {[%emt 00:00:47]} Rh8 {[%clk
00:03:35]} {[%emt 00:00:12]} 63. Kg4 {[%clk 00:01:18]} {[%emt 00:00:54]} Re8
{[%clk 00:03:46]} {[%emt 00:00:19]} 64. Rf2+ {[%clk 00:01:11]} {[%emt
00:00:37]} Kg7 {[%clk 00:03:09]} {[%emt 00:01:06]} 65. Ra2 {[%clk 00:01:18]}
{[%emt 00:00:23]} Kg7 {[%clk 00:03:23]} {[%emt 00:00:16]} 66. Be2 {[%clk
00:01:10]} {[%emt 00:00:39]} Re8+ {[%clk 00:03:47]} {[%emt 00:00:06]} 67. Kg3
{[%clk 00:01:07]} {[%emt 00:00:32]} Re3+ {[%clk 00:03:40]} {[%emt 00:00:37]}
68. Kf4 {[%clk 00:01:19]} {[%emt 00:00:19]} Re8 {[%clk 00:03:31]} {[%emt
00:00:40]} 69. Bg4 {[%clk 00:01:20]} {[%emt 00:00:28]} Rh8 {[%clk 00:03:46]}
{[%emt 00:00:14]} 70. Kg3 {[%clk 00:01:14]} {[%emt 00:00:37]} Re8 {[%clk
00:03:38]} {[%emt 00:00:38]} 71. Be6 {[%clk 00:00:51]} {[%emt 00:00:54]} Kg7
{[%clk 00:03:46]} {[%emt 00:00:21]} 72. Kg4 {[%clk 00:01:15]} {[%emt 00:00:07]}
Rf8 {[%clk 00:04:05]} {[%emt 00:00:11]} 73. Kg5 {[%clk 00:01:07]} {[%emt
00:00:36]} Bd8+ {[%clk 00:04:08]} {[%emt 00:00:28]} 74. Kg4 {[%clk 00:00:57]}
{[%emt 00:00:40]} Bb6 {[%clk 00:04:03]} {[%emt 00:00:36]} 75. Re2 {[%clk
00:00:42]} {[%emt 00:00:45]} Re8 {[%clk 00:02:47]} {[%emt 00:01:45]} 76. Rf2
{[%clk 00:00:39]} {[%emt 00:00:33]} Rf8 {[%clk 00:03:04]} {[%emt 00:00:13]} 77.
Rc2 {[%clk 00:00:47]} {[%emt 00:00:21]} Bd8 {[%clk 00:01:02]} {[%emt 00:02:32]}
78. Rb2 {[%clk 00:00:59]} {[%emt 00:00:18]} Bb6 {[%clk 00:01:10]} {[%emt
00:00:23]} 79. Bd7 {[%clk 00:00:52]} {[%emt 00:00:38]} Rf7 {[%clk 00:01:05]}
{[%emt 00:00:34]} 80. Bc6 {[%clk 00:01:13]} {[%emt 00:00:09]} Re7 {[%clk
00:00:45]} {[%emt 00:00:50]} 81. Kf4 {[%clk 00:01:13]} {[%emt 00:00:31]} Rf7
{[%clk 00:01:10]} {[%emt 00:00:05]} 82. Kg3 {[%clk 00:01:24]} {[%emt 00:00:19]}
Re7 {[%clk 00:00:47]} {[%emt 00:00:52]} 83. Ra2 {[%clk 00:01:37]} {[%emt
00:00:17]} Ra4 {[%clk 00:00:41]} {[%emt 00:00:36]} 84. Re2 {[%clk 00:01:52]}
{[%emt 00:00:14]} Ra3+ {[%clk 00:00:41]} {[%emt 00:00:31]} 85. Kg4 {[%clk
00:00:57]} {[%emt 00:01:25]} Re3 {[%clk 00:00:36]} {[%emt 00:00:36]} 86. Re4
{[%clk 00:00:59]} {[%emt 00:00:27]} Re3 {[%clk 00:00:45]} {[%emt 00:00:21]} 87.
Re4 {[%clk 00:01:04]} {[%emt 00:00:25]} Rc1 {[%clk 00:00:42]} {[%emt 00:00:33]}
88. Kh3 {[%clk 00:01:24]} {[%emt 00:00:10]} Rc1 {[%clk 00:00:40]} {[%emt
00:00:32]} 89. Bg4 {[%clk 00:01:30]} {[%emt 00:00:09]} Kf6 {[%clk 00:00:40]}
{[%emt 00:00:36]} 90. Kg2 {[%clk 00:01:37]} {[%emt 00:00:06]} Kg7 {[%clk
00:00:40]} {[%emt 00:00:36]} 91. Kf3 {[%clk 00:01:44]} {[%emt 00:00:07]} Kf6
{[%clk 00:00:40]} {[%emt 00:00:36]} 92. Kg2 {[%clk 00:01:50]} {[%emt 00:00:06]}
Kg7 {[%clk 00:00:40]} {[%emt 00:00:36]} 93. Kf3 {[%clk 00:01:57]} {[%emt
00:00:07]} Kf6 {[%clk 00:00:40]} {[%emt 00:00:36]} 94. Kg2 {[%clk 00:02:04]}
{[%emt 00:00:06]} Kg7 {[%clk 00:00:40]} {[%emt 00:00:36]} 95. Kf3 {[%clk
00:02:10]} {[%emt 00:00:07]} Kf6 {[%clk 00:00:40]} {[%emt 00:00:36]} 96. Kg2
{[%clk 00:02:17]} {[%emt 00:00:06]} Kg7 {[%clk 00:00:40]} {[%emt 00:00:36]} 97.
Kf3 {[%clk 00:02:23]} {[%emt 00:00:07]} Kf6 {[%clk 00:00:40]} {[%emt 00:00:36]}
98. Kg2 {[%clk 00:02:30]} {[%emt 00:00:06]} Kg7 {[%clk 00:00:40]} {[%emt
00:00:36]} 99. Kf3 {[%clk 00:02:37]} {[%emt 00:00:07]} Kf6 {[%clk 00:00:40]}
{[%emt 00:00:36]} 100. Kg2 {[%clk 00:02:43]} {[%emt 00:00:06]} 1/2-1/2

[Event "DEM U18w 2025"]
[Site "Willingen GER"]
[Date "2025.06.11"]
[Round "6"]
[White "Malmström, Eva"]
[Black "Busch, Lara Sophie"]
[Result "1-0"]
[Termination "normal"]
[Board "7"]
[WhiteElo "1929"]
[BlackElo "1597"]
[WhiteClock "00:40:19"]
[BlackClock "00:37:26"]
[PlyCount "55"]
[WhiteFideId "34607072"]
[BlackFideId "34664866"]
[EventCountry "GER"]
[EventRounds "9"]
[EventType "swiss"]
[EventDate "2025.06.07"]

1. e4 {[%clk 01:30:59]} e5 {[%clk 01:30:54]} {[%emt 00:00:07]} 2. Nf3 {[%clk
01:31:24]} {[%emt 00:00:04]} Nc6 {[%clk 01:31:07]} {[%emt 00:00:18]} 3. Bc4
{[%clk 01:31:47]} {[%emt 00:00:06]} Nf6 {[%clk 01:31:11]} {[%emt 00:00:26]} 4.
d3 {[%clk 01:30:55]} {[%emt 00:01:22]} h6 {[%clk 01:31:19]} {[%emt 00:00:24]}
5. c3 {[%clk 01:30:15]} {[%emt 00:01:09]} d6 {[%clk 01:31:30]} {[%emt
00:00:18]} 6. Nbd2 {[%clk 01:30:14]} {[%emt 00:00:31]} Be6 {[%clk 01:30:08]}
{[%emt 00:01:52]} 7. Bb3 {[%clk 01:29:35]} {[%emt 00:01:09]} g5 {[%clk
01:29:06]} {[%emt 00:01:32]} 8. Nf1 {[%clk 01:24:20]} {[%emt 00:05:43]} Bg7
{[%clk 01:27:24]} {[%emt 00:02:15]} 9. Ng3 {[%clk 01:20:30]} {[%emt 00:04:19]}
Ne7 {[%clk 01:20:28]} {[%emt 00:07:26]} 10. Bxe6 {[%clk 01:17:01]} {[%emt
00:04:00]} fxe6 {[%clk 01:20:40]} {[%emt 00:00:18]} 11. Qb3 {[%clk 01:17:20]}
{[%emt 00:00:10]} Qc8 {[%clk 01:20:06]} {[%emt 00:01:04]} 12. h3 {[%clk
01:15:13]} {[%emt 00:02:37]} c6 {[%clk 01:13:04]} {[%emt 00:07:32]} 13. Be3
{[%clk 01:13:36]} {[%emt 00:02:07]} Ng6 {[%clk 01:09:30]} {[%emt 00:04:05]} 14.
Ne2 {[%clk 01:08:47]} {[%emt 00:05:17]} Nf4 {[%clk 01:05:24]} {[%emt 00:04:36]}
15. Nxf4 {[%clk 01:05:38]} {[%emt 00:03:40]} exf4 {[%clk 01:04:20]} {[%emt
00:01:35]} 16. Bd2 {[%clk 01:05:46]} {[%emt 00:00:22]} e5 {[%clk 01:03:17]}
{[%emt 00:01:33]} 17. O-O-O {[%clk 01:05:14]} {[%emt 00:01:01]} Qd7 {[%clk
01:02:05]} {[%emt 00:01:43]} 18. Rhe1 {[%clk 01:01:19]} {[%emt 00:04:24]} O-O-O
{[%clk 01:00:57]} {[%emt 00:01:38]} 19. d4 {[%clk 01:00:44]} {[%emt 00:01:05]}
Qe7 {[%clk 00:57:39]} {[%emt 00:03:47]} 20. dxe5 {[%clk 00:56:35]} {[%emt
00:04:40]} dxe5 {[%clk 00:57:29]} {[%emt 00:00:40]} 21. c4 {[%clk 00:56:06]}
{[%emt 00:00:59]} Qc5 {[%clk 00:50:09]} {[%emt 00:07:47]} 22. Re2 {[%clk
00:45:35]} {[%emt 00:11:03]} Rhe8 {[%clk 00:47:07]} {[%emt 00:03:33]} 23. Qb4
{[%clk 00:40:17]} {[%emt 00:05:47]} Nd7 {[%clk 00:42:55]} {[%emt 00:04:43]} 24.
Bc3 {[%clk 00:40:06]} {[%emt 00:00:41]} Kc7 {[%clk 00:37:41]} {[%emt 00:05:45]}
25. Rxd7+ {[%clk 00:39:53]} {[%emt 00:00:42]} Rxd7 {[%clk 00:37:41]} {[%emt
00:00:31]} 26. Qxc5 {[%clk 00:40:14]} {[%emt 00:00:08]} b6 {[%clk 00:37:40]}
{[%emt 00:00:32]} 27. Qa3 {[%clk 00:40:19]} {[%emt 00:00:24]} a5 {[%clk
00:37:26]} {[%emt 00:00:45]} 28. Rd2 {[%emt 00:03:22]} 1-0

[Event "DEM U18w 2025"]
[Site "Willingen GER"]
[Date "2025.06.11"]
[Round "6"]
[White "Reich, Elisabeth"]
[Black "Schirmer, Sara"]
[Result "1-0"]
[Termination "normal"]
[Board "8"]
[WhiteElo "1830"]
[BlackElo "1630"]
[WhiteClock "00:41:29"]
[BlackClock "00:21:31"]
[PlyCount "159"]
[WhiteFideId "16239776"]
[BlackFideId "16297580"]
[EventCountry "GER"]
[EventRounds "9"]
[EventType "swiss"]
[EventDate "2025.06.07"]

1. e4 {[%clk 01:30:57]} {[%emt 00:00:01]} c5 {[%clk 01:30:56]} {[%emt
00:00:05]} 2. Nf3 {[%clk 01:31:21]} {[%emt 00:00:05]} Nc6 {[%clk 01:31:18]}
{[%emt 00:00:09]} 3. Bc4 {[%clk 01:31:13]} {[%emt 00:00:38]} e6 {[%clk
01:30:23]} {[%emt 00:01:25]} 4. c3 {[%clk 01:31:18]} {[%emt 00:00:24]} d5
{[%clk 01:30:36]} {[%emt 00:00:18]} 5. exd5 {[%clk 01:31:41]} {[%emt 00:00:07]}
exd5 {[%clk 01:31:02]} {[%emt 00:00:04]} 6. Be2 {[%clk 01:31:46]} {[%emt
00:00:26]} Nf6 {[%clk 01:30:43]} {[%emt 00:00:48]} 7. O-O {[%clk 01:31:37]}
{[%emt 00:00:38]} Bd6 {[%clk 01:31:04]} {[%emt 00:00:09]} 8. Na3 {[%clk
01:30:11]} {[%emt 00:01:56]} a6 {[%clk 01:31:02]} {[%emt 00:00:33]} 9. Nc2
{[%clk 01:30:20]} {[%emt 00:00:21]} O-O {[%clk 01:31:15]} {[%emt 00:00:17]} 10.
d4 {[%clk 01:29:44]} {[%emt 00:01:06]} Qc7 {[%clk 01:27:53]} {[%emt 00:03:52]}
11. dxc5 {[%clk 01:29:03]} {[%emt 00:01:11]} Bxc5 {[%clk 01:28:08]} {[%emt
00:00:14]} 12. Bg5 {[%clk 01:26:09]} {[%emt 00:03:24]} Be7 {[%clk 01:13:56]}
{[%emt 00:14:42]} 13. Ne3 {[%clk 01:19:33]} {[%emt 00:07:05]} Be6 {[%clk
01:10:10]} {[%emt 00:04:18]} 14. Bxf6 {[%clk 01:18:36]} {[%emt 00:01:27]} Bxf6
{[%clk 01:10:29]} {[%emt 00:00:11]} 15. Nxd5 {[%clk 01:18:23]} {[%emt
00:00:43]} Bxd5 {[%clk 01:10:56]} {[%emt 00:00:03]} 16. Qxd5 {[%clk 01:18:52]}
{[%emt 00:00:01]} Rad8 {[%clk 01:10:14]} {[%emt 00:01:12]} 17. Qb3 {[%clk
01:18:22]} {[%emt 00:00:55]} Na5 {[%clk 01:04:35]} {[%emt 00:06:14]} 18. Qc2
{[%clk 01:18:19]} {[%emt 00:00:32]} Nc4 {[%clk 01:04:44]} {[%emt 00:00:21]} 19.
Rad1 {[%clk 01:15:56]} {[%emt 00:02:53]} Nd6 {[%clk 01:01:04]} {[%emt
00:04:11]} 20. Bd3 {[%clk 01:15:26]} {[%emt 00:01:00]} h6 {[%clk 01:01:16]}
{[%emt 00:00:18]} 21. Rfe1 {[%clk 01:13:45]} {[%emt 00:02:10]} Qa5 {[%clk
01:01:03]} {[%emt 00:00:42]} 22. a3 {[%clk 01:12:32]} {[%emt 00:01:45]} b5
{[%clk 00:55:01]} {[%emt 00:06:32]} 23. h3 {[%clk 01:08:59]} {[%emt 00:04:02]}
Qb6 {[%clk 00:54:47]} {[%emt 00:00:46]} 24. Nh2 {[%clk 01:06:50]} {[%emt
00:02:37]} Nb7 {[%clk 00:49:24]} {[%emt 00:05:54]} 25. Ng4 {[%clk 01:06:07]}
{[%emt 00:01:12]} Bg5 {[%clk 00:48:58]} {[%emt 00:00:56]} 26. Ne3 {[%clk
00:57:33]} {[%emt 00:09:03]} Rfe8 {[%clk 00:47:02]} {[%emt 00:02:28]} 27. Ng4
{[%clk 00:49:31]} {[%emt 00:08:32]} Nc5 {[%clk 00:46:06]} {[%emt 00:01:25]} 28.
Ne5 {[%clk 00:42:52]} {[%emt 00:07:03]} Bf6 {[%clk 00:40:44]} {[%emt 00:05:58]}
29. Nf3 {[%clk 00:37:30]} {[%emt 00:05:52]} Rxe1+ 30. Nxe1 {[%clk 00:37:58]}
Nxd3 {[%clk 00:40:03]} {[%emt 00:00:10]} 31. Rxd3 {[%clk 00:37:52]} {[%emt
00:00:36]} Rxd3 {[%clk 00:38:25]} {[%emt 00:02:08]} 32. Nxd3 {[%clk 00:38:02]}
{[%emt 00:00:19]} Qd6 {[%clk 00:33:06]} {[%emt 00:05:48]} 33. Qe2 {[%clk
00:37:10]} {[%emt 00:01:20]} Bg5 {[%clk 00:29:00]} {[%emt 00:04:39]} 34. Ne1
{[%clk 00:32:44]} {[%emt 00:04:53]} Qd5 {[%clk 00:23:45]} {[%emt 00:05:44]} 35.
Nf3 {[%clk 00:26:37]} {[%emt 00:06:39]} Bf6 {[%clk 00:20:05]} {[%emt 00:04:11]}
36. Qd2 {[%clk 00:25:22]} {[%emt 00:01:45]} Qc5 {[%clk 00:12:28]} {[%emt
00:08:06]} 37. Nd4 {[%clk 00:24:29]} {[%emt 00:01:24]} Bg5 {[%clk 00:09:55]}
{[%emt 00:03:04]} 38. f4 {[%clk 00:22:32]} {[%emt 00:02:22]} Bf6 {[%clk
00:10:01]} {[%emt 00:00:30]} 39. Qe3 {[%clk 00:21:33]} {[%emt 00:01:25]} a5
{[%clk 00:09:10]} {[%emt 00:01:25]} 40. Kh1 {[%clk 00:20:19]} {[%emt 00:01:42]}
b4 {[%clk 00:08:56]} {[%emt 00:00:46]} 41. axb4 {[%clk 00:20:32]} {[%emt
00:00:17]} axb4 {[%clk 00:09:08]} {[%emt 00:00:18]} 42. Qe8+ {[%clk 00:18:16]}
{[%emt 00:02:44]} Kh7 {[%clk 00:06:37]} {[%emt 00:03:01]} 43. Qe4+ {[%clk
00:18:37]} {[%emt 00:00:09]} Kg8 {[%clk 00:06:20]} {[%emt 00:00:48]} 44. Ne2
{[%clk 00:11:52]} {[%emt 00:07:12]} bxc3 {[%clk 00:05:47]} {[%emt 00:01:07]}
45. bxc3 {[%clk 00:11:47]} {[%emt 00:00:35]} Bxc3 {[%clk 00:05:53]} {[%emt
00:00:23]} 46. Nxc3 {[%clk 00:12:12]} {[%emt 00:00:05]} Qxc3 {[%clk 00:05:54]}
{[%emt 00:00:29]} 47. Qe8+ {[%clk 00:12:38]} {[%emt 00:00:04]} Kh7 {[%clk
00:05:59]} {[%emt 00:00:25]} 48. Qxf7 {[%clk 00:13:03]} {[%emt 00:00:05]} Qg3
{[%clk 00:05:35]} {[%emt 00:00:44]} 49. Qf5+ {[%clk 00:12:02]} {[%emt
00:01:40]} Kh8 {[%clk 00:02:01]} {[%emt 00:04:04]} 50. Qg4 {[%clk 00:12:20]}
{[%emt 00:00:13]} Qc3 {[%clk 00:01:32]} {[%emt 00:00:56]} 51. Kh2 {[%clk
00:12:24]} {[%emt 00:00:28]} Qf6 {[%clk 00:01:08]} {[%emt 00:00:54]} 52. Qf3
{[%clk 00:12:17]} {[%emt 00:00:35]} Qf5 {[%clk 00:29:57]} {[%emt 00:01:42]} 53.
Qe3 {[%clk 00:42:29]} {[%emt 00:00:19]} Kg8 {[%clk 00:29:13]} {[%emt 00:01:16]}
54. Qe5 {[%clk 00:41:59]} {[%emt 00:00:58]} Qg6 {[%clk 00:27:08]} {[%emt
00:02:33]} 55. f5 {[%clk 00:41:49]} {[%emt 00:00:42]} Qg5 {[%clk 00:27:13]}
{[%emt 00:00:24]} 56. Qe8+ {[%clk 00:40:45]} {[%emt 00:01:36]} Kh7 {[%clk
00:27:34]} {[%emt 00:00:09]} 57. Qe4 {[%clk 00:41:08]} {[%emt 00:00:07]} Kg8
{[%clk 00:27:41]} {[%emt 00:00:24]} 58. Qg4 {[%clk 00:40:20]} {[%emt 00:01:17]}
Qf6 {[%clk 00:26:43]} {[%emt 00:01:28]} 59. Qf4 {[%clk 00:39:55]} {[%emt
00:00:53]} Kh7 {[%clk 00:26:34]} {[%emt 00:00:42]} 60. h4 {[%clk 00:39:43]}
{[%emt 00:00:41]} Kg8 {[%clk 00:26:28]} {[%emt 00:00:36]} 61. h5 {[%clk
00:39:41]} {[%emt 00:00:31]} Kh7 {[%clk 00:25:55]} {[%emt 00:01:05]} 62. Qg4
{[%clk 00:39:39]} {[%emt 00:00:29]} Qe5+ {[%clk 00:25:52]} {[%emt 00:00:35]}
63. Kh3 {[%clk 00:39:13]} {[%emt 00:00:55]} Qe3+ {[%clk 00:25:32]} {[%emt
00:00:49]} 64. Qg3 {[%clk 00:38:59]} {[%emt 00:00:43]} Qe7 {[%clk 00:19:40]}
{[%emt 00:06:24]} 65. Qg6+ {[%clk 00:39:17]} {[%emt 00:00:12]} Kh8 {[%clk
00:18:56]} {[%emt 00:01:15]} 66. f6 {[%clk 00:38:04]} {[%emt 00:01:44]} Qxf6
{[%clk 00:19:19]} {[%emt 00:00:07]} 67. Qxf6 {[%clk 00:38:28]} {[%emt
00:00:06]} gxf6 {[%clk 00:19:47]} {[%emt 00:00:02]} 68. Kg4 {[%clk 00:38:50]}
{[%emt 00:00:07]} Kg7 {[%clk 00:20:01]} {[%emt 00:00:16]} 69. Kf5 {[%clk
00:39:15]} {[%emt 00:00:04]} Kf7 {[%clk 00:20:03]} {[%emt 00:00:29]} 70. g3
{[%clk 00:39:22]} {[%emt 00:00:23]} Kg7 {[%clk 00:20:12]} {[%emt 00:00:21]} 71.
Ke6 {[%clk 00:39:45]} {[%emt 00:00:06]} f5 {[%clk 00:19:18]} {[%emt 00:01:25]}
72. Kxf5 {[%clk 00:40:05]} {[%emt 00:00:10]} Kf7 {[%clk 00:19:42]} {[%emt
00:00:05]} 73. g4 {[%clk 00:40:23]} {[%emt 00:00:12]} Kg7 {[%clk 00:20:08]}
{[%emt 00:00:05]} 74. Ke6 {[%clk 00:40:46]} {[%emt 00:00:05]} Kh7 {[%clk
00:20:28]} {[%emt 00:00:12]} 75. Kf6 {[%clk 00:41:08]} {[%emt 00:00:07]} Kh8
{[%clk 00:20:26]} {[%emt 00:00:33]} 76. Kg6 {[%clk 00:41:33]} {[%emt 00:00:05]}
Kg8 {[%clk 00:20:45]} {[%emt 00:00:10]} 77. Kxh6 {[%clk 00:41:59]} {[%emt
00:00:05]} Kh8 {[%clk 00:21:01]} {[%emt 00:00:13]} 78. Kg6 {[%clk 00:42:11]}
{[%emt 00:00:19]} Kg8 {[%clk 00:21:12]} {[%emt 00:00:19]} 79. g5 {[%clk
00:41:16]} {[%emt 00:01:25]} Kh8 {[%clk 00:21:31]} {[%emt 00:00:10]} 80. Kf7
{[%clk 00:41:29]} {[%emt 00:00:17]} 1-0